Marketing : Concepts and strategy

保存先:
書誌詳細
第一著者: Bell, Martin L.
フォーマット: 図書
言語:Undetermined
出版事項: Boston Houghton Mifflin 1972
主題:
タグ: タグ追加
タグなし, このレコードへの初めてのタグを付けませんか!
Thư viện lưu trữ: Trung tâm Học liệu Trường Đại học Cần Thơ
LEADER 00517nam a2200205Ia 4500
001 CTU_83477
008 210402s9999 xx 000 0 und d
082 |a 658.8 
082 |b L433 
100 |a Bell, Martin L. 
245 0 |a Marketing : 
245 0 |b Concepts and strategy 
245 0 |c Martin L. Bell 
260 |a Boston 
260 |b Houghton Mifflin 
260 |c 1972 
650 |a Marketing 
650 |x Management 
904 |i QHieu(sửa) 
980 |a Trung tâm Học liệu Trường Đại học Cần Thơ